=LDR 00000nam 2200000 4500 =001 NUTBA000000000004074 =005 20140902115219.0 =006 =007 =008 =020 ##$$a 978-979-23-3259-5 =035 ##$$a 0010-091400000000107 =040 ##$$a NBPDMAT =082 ##$$a 540.76 =084 ##$$a 540.76 Win b =100 ##$$a Winkanda Satria Putra =245 ##$$a buku saku pintar kimia SMA / $c Winkanda Satria Putra =260 ##$$a Yogyakarta : $b Andi, $c 2013 =300 ##$$a v, 212 hlm. $b ilus ; $c 15 cm. =500 ##$$a Bibliografi : hlm. 211-212 =990 ##$$a 21410182 =990 ##$$a 0001/BPAP-NTB/20142014 =990 ##$$a 0001/BPAP-NTB/20142014 =990 ##$$a 0001/BPAP-NTB/20142014 =990 ##$$a 0001/BPAP-NTB/20142014 =990 ##$$a 0001/BPAP-NTB/20142014